000 00541nam a22002057a 4500
001 00028844
005 20260423141054.0
008 260423b ag ||||| |||| 00| 0 spa d
020 _a9789870415091
040 _bspa
_cAR-CcCEOS
080 _a982
090 _bRAI
100 1 _aRainer Cinti, Roberto
_91099
245 _aPatrimonio histórico de la Argentina /
_cRoberto Rainer Cinti
250 _a1ª ed.
260 _aBuenos Aires :
_bAguilar,
_c2010.
300 _a840 p. ;
_c28x22 cm.
650 0 _ahistoria
942 _2udc
_cBK
999 _c28885
_d28885
945 _a66467
_bMelina Rolando
_c66467
_dMelina Rolando